Poèmes /

-д хадгалсан:
Номзүйн дэлгэрэнгүй
Үндсэн зохиолч: Nobili, Nella
Бусад зохиолчид: Tramuta, Marie-José
Формат: Ном
Хэл сонгох:франц
итали
Хэвлэсэн: Paris : Istituto italiano di cultura, 2017
Цуврал:Cahiers de l'Hôtel de Galliffet ; 2
Шошгууд: Шошго нэмэх
Шошго байхгүй, Энэхүү баримтыг шошголох эхний хүн болох!

MARC

LEADER 00000nam a22000007i 4500
001 IT\ICCU\UBO\4292276
003 ItRI
005 20260115232019.0
008 180123s2017 fr |||||| ||||| |||||c
020 |a 9782919205189 
040 |b ita  |c importazione bologna sebina 
041 7 |a fre  |a ita  |2 ISO-639-2 
100 1 |a Nobili, Nella  |0 IT\ICCU\UBOV\131884 
240 1 0 |a Poèmes  |3 IT\ICCU\UBO\4292278  |9 Nobili, Nella 
245 1 0 |a Poèmes /  |c Nella Nobili ; édition bilingue dirigée par Marie-José Tramuta. 
260 |a Paris :  |b Istituto italiano di cultura,  |c 2017 
300 |a 230 p. ;  |c 19 cm 
500 |a Testo in italiano a fronte 
700 1 |a Tramuta, Marie-José  |0 IT\ICCU\CFIV\063952 
830 0 |a Cahiers de l'Hôtel de Galliffet ;  |v 2  |0 IT\ICCU\LO1\1233440 
942 |2 ddc  |c BK  |n 0 
952 |0 0  |1 0  |4 0  |6 L_851_914000000000000_NOB  |7 0  |9 18910  |a BO  |b BO  |d 2026-01-15  |i 18691  |l 0  |o L 851.914 NOB  |p BO18691  |r 2026-01-15 23:20:19  |w 2026-01-15  |x [Sebina 5] [1 v.]  |y BK  |z 1 v. 
999 |c 16066  |d 16066